| 000 | 00669cam a22002171 4500 | ||
|---|---|---|---|
| 001 | ca 36000089 | ||
| 003 | DLC | ||
| 005 | 20260227111139.0 | ||
| 008 | 891026s1936 maua 000 0 eng | ||
| 010 | _aca 36000089 | ||
| 035 | _a(OCoLC)20550178 | ||
| 040 |
_aDLC _cRPB _dRPB _dDLC |
||
| 042 | _apremarc | ||
| 050 | 0 | 0 |
_aPS3515.A723 _bS5 1936 |
| 082 | _a812.5 | ||
| 100 | 1 | _aHarris, Claudia. | |
| 245 | 1 | 0 |
_aSittin' pretty; _ba comedy in prologue and three acts for male characters, _cby Claudia Harris ... |
| 260 |
_aBoston, Mass., _aLos Angeles, Cal. _b[Walter H. Baker Company, _cc1936] |
||
| 300 |
_a112 p. _bdiagrs. _c19 cm. |
||
| 490 | 0 | _aBaker's edition of plays | |
| 999 |
_c17974 _d17974 |
||